Italy Serie A Champions - Sudden Death - Statistics

General Stats
  • This quiz has been taken 208 times
  • The average score is 9 of 16
Answers on the Grid
Answers color-coded by a green-red scale on the quiz's grid according to % correct below.
AC Milan
Atalanta
Bari
Bologna
Brescia
Cagliari
Casale
Catania
Como
Empoli
Fiorentina
Genoa
Hellas Verona
Inter Milan
Juventus
Lazio
Lecce
Livorno
Napoli
Novese
Palermo
Parma
Roma
Sampdoria
Sassuolo
SPAL
Torino
Triestina
Udinese
Venezia
Vercelli
Vicenza
 
Answer Stats
Answer % Correct
AC Milan
97%
Inter Milan
87%
Juventus
86%
Napoli
82%
Lazio
79%
Roma
79%
Fiorentina
70%
Bologna
57%
Torino
56%
Sampdoria
51%
Genoa
48%
Cagliari
39%
Hellas Verona
38%
Vercelli
37%
Casale
22%
Novese
21%
No matching quizzes found
Score Distribution
Percent of People with Each Score
Percentile by Number Answered
Your Score History
You have not taken this quiz